000 00761nam a2200229 a 4500
001 13694
003 BD-JhCC
005 20240314111727.0
008 240314b20192023b a|||| ||a| 000 0 b d
020 _a9789849310587
035 _a(BD-JhCC)13694
040 _aBD-JhCC
_dBD-JhCC
041 _aeng
082 _a891.4
_bIQB 2023
100 _aইকবাল, মুহম্মদ জাফর
245 _aঅবিশ্বাস্য সুন্দর পৃথিবী /
_b মুহম্মদ জাফরইকবাল,
260 _aঢাকা:
_bকাকলী প্রকাশনী;
_c2023.
300 _a120 পৃষ্ঠা
_bill
_c18 cm.
650 _aসায়েন্স ফিকশন
942 _2ddc
_cBK
999 _c13694
_d13694